000 00273nam a22001097a 4500
008 160520b xxu||||| |||| 00| 0 eng d
020 _a0070178054
041 _aeng
080 _a316.77
245 _aThe dynamics of mass communication:
_cJoseph R. Dominick;
942 _2udc
_cBK
999 _c2316
_d2316